[Event "Europa ch Femenino 2013"]
[Site "Belgrado SER"]
[Date "2013.08.01"]
[Round "9.2"]
[White "Kosteniuk, Alexandra"]
[Black "Muzychuk, Anna"]
[Result "1/2-1/2"]
[WhiteElo "2489"]
[BlackElo "2594"]
[PlyCount "99"]
[EventDate "2013.07.23"]
[EventType "swiss"]
[EventRounds "11"]
[EventCountry "SER"]
[Source "lmi"]
[SourceDate "2013.07.22"]

1. e4 e5 2. Nf3 Nc6 3. Bb5 a6 4. Ba4 Nf6 5. O-O Nxe4 6. d4 b5 7. Bb3 d5 8. dxe5
Be6 9. Qe2 Be7 10. Rd1 O-O 11. c4 bxc4 12. Bxc4 Bc5 13. Be3 Bxe3 14. Qxe3 Qb8
15. Bb3 Na5 16. Nd4 c5 17. Nxe6 fxe6 18. f3 c4 19. fxe4 cxb3 20. exd5 Nc4 21.
Qd4 Qa7 22. Qxa7 Rxa7 23. axb3 Ne3 24. Rc1 Raf7 25. Nd2 Rf2 26. Nc4 Nxd5 27.
Rxa6 Re2 28. Rxe6 Nf4 29. Rd6 Rxg2+ 30. Kh1 Re2 31. Rf1 Ng6 32. Rxf8+ Kxf8 33.
Rd2 Re1+ 34. Kg2 Nxe5 35. Kf2 Re4 36. Rd8+ Ke7 37. Re8+ Kxe8 38. Nd6+ Kd7 39.
Nxe4 Kc6 40. Ng5 Kb5 41. Kg3 h6 42. Ne6 g5 43. Nd4+ Kb4 44. Nf3 Nd3 45. Kg4
Kxb3 46. Kh5 Kxb2 47. Nd4 Ne5 48. h3 Nd3 49. Kxh6 Nf4 50. Kxg5 1/2-1/2

[Event "Europa ch Femenino 2013"]
[Site "Belgrado SER"]
[Date "2013.08.01"]
[Round "9.3"]
[White "Socko, Monika"]
[Black "Gunina, Valentina"]
[Result "1-0"]
[WhiteElo "2435"]
[BlackElo "2507"]
[PlyCount "51"]
[EventDate "2013.07.23"]
[EventType "swiss"]
[EventRounds "11"]
[EventCountry "SER"]
[Source "lmi"]
[SourceDate "2013.07.22"]

1. d4 d5 2. c4 c6 3. cxd5 cxd5 4. Nc3 Nf6 5. Bf4 Nc6 6. e3 Bf5 7. Qb3 Na5 8.
Qa4+ Bd7 9. Qc2 e6 10. Bd3 Rc8 11. Nf3 Bb4 12. O-O O-O 13. Ne5 Ne4 14. Bxe4
dxe4 15. Qxe4 Bxc3 16. bxc3 Rxc3 17. d5 Bc8 18. Rad1 exd5 19. Rxd5 Qb6 20. Nf3
h6 21. Qe5 Ra3 22. Qe7 Be6 23. Rd6 Qb2 24. Rxe6 Rxa2 25. Be5 Qb5 26. Rg6 1-0

[Event "Europa ch Femenino 2013"]
[Site "Belgrado SER"]
[Date "2013.08.01"]
[Round "9.4"]
[White "Cmilyte, Viktorija"]
[Black "Kovalevskaya, Ekaterina"]
[Result "1-0"]
[WhiteElo "2497"]
[BlackElo "2407"]
[PlyCount "125"]
[EventDate "2013.07.23"]
[EventType "swiss"]
[EventRounds "11"]
[EventCountry "SER"]
[Source "lmi"]
[SourceDate "2013.07.22"]

1. d4 d5 2. c4 e6 3. Nc3 c5 4. cxd5 exd5 5. Nf3 Nc6 6. dxc5 Bxc5 7. Qxd5 Qb6 8.
e3 Nf6 9. Qb3 Qxb3 10. axb3 O-O 11. Bc4 Bf5 12. Nh4 Bc2 13. Bd2 Rad8 14. Rc1
Bd3 15. Nd5 Nxd5 16. Bxd3 Bb4 17. Bc4 Bxd2+ 18. Kxd2 g5 19. Nf5 Nde7+ 20. Nd4
Nxd4 21. exd4 Rxd4+ 22. Kc3 Rfd8 23. Rce1 Nc6 24. Re3 a6 25. Rhe1 b5 26. Re8+
Kg7 27. Rxd8 Rxd8 28. Bf1 Kf6 29. Ra1 Nb8 30. Bd3 Rc8+ 31. Kd2 h6 32. Be4 Rd8+
33. Ke3 Ke7 34. Rc1 Rd6 35. Rc7+ Rd7 36. Rc8 Rd8 37. Rxd8 Kxd8 38. f4 gxf4+ 39.
Kxf4 Ke7 40. b4 Nd7 41. Bb7 Nf6 42. Kf5 Ne8 43. Bxa6 Nc7 44. Bb7 Ne6 45. Ke5
Nc7 46. b3 f6+ 47. Kf5 Kf7 48. Bc6 Kg7 49. Ke4 Kf7 50. Kd4 Ne6+ 51. Kd5 Ke7 52.
g3 Nc7+ 53. Kc5 Ne6+ 54. Kxb5 Nd4+ 55. Kb6 Nxb3 56. Kc7 Nd4 57. Bd7 Nc2 58. b5
Ne3 59. Bc6 Nc4 60. Bd5 Nd6 61. b6 f5 62. Kc6 h5 63. h4 1-0

[Event "Europa ch Femenino 2013"]
[Site "Belgrado SER"]
[Date "2013.08.01"]
[Round "9.5"]
[White "Pogonina, Natalija"]
[Black "Arabidze, Meri"]
[Result "1/2-1/2"]
[WhiteElo "2478"]
[BlackElo "2320"]
[PlyCount "92"]
[EventDate "2013.07.23"]
[EventType "swiss"]
[EventRounds "11"]
[EventCountry "SER"]
[Source "lmi"]
[SourceDate "2013.07.22"]

1. d4 f5 2. Bg5 h6 3. Bh4 g5 4. e3 Nf6 5. Bg3 d6 6. h4 g4 7. Nc3 Bg7 8. Bc4 Nh5
9. Nge2 c6 10. Bh2 e5 11. dxe5 Bxe5 12. Bxe5 dxe5 13. Qxd8+ Kxd8 14. O-O-O+ Ke7
15. f3 gxf3 16. gxf3 Nd7 17. Rhg1 Ndf6 18. Ng3 Be6 19. Bxe6 Kxe6 20. Nxh5 Nxh5
21. Rg6+ Nf6 22. Rg7 Rh7 23. Rdd7 Nxd7 24. Rxh7 Rg8 25. Ne2 Rg2 26. Kd1 Rf2 27.
Rxh6+ Kd5 28. e4+ Kc4 29. Rd6 Nc5 30. b3+ Kb4 31. c3+ Kb5 32. b4 Na4 33. exf5
Rxf3 34. f6 Nb2+ 35. Ke1 Nd3+ 36. Kd2 Nf2 37. Re6 Ng4 38. Re7 Rxf6 39. Rxb7+
Kc4 40. Rxa7 Rd6+ 41. Ke1 Kd3 42. Rg7 Ne3 43. Nc1+ Kxc3 44. Rg3 Rd1+ 45. Ke2
Rxc1 46. Rxe3+ Kd4 1/2-1/2

[Event "Europa ch Femenino 2013"]
[Site "Belgrado SER"]
[Date "2013.08.01"]
[Round "9.6"]
[White "Rakic, Marija"]
[Black "Zhukova, Natalia"]
[Result "0-1"]
[WhiteElo "2294"]
[BlackElo "2471"]
[PlyCount "60"]
[EventDate "2013.07.23"]
[EventType "swiss"]
[EventRounds "11"]
[EventCountry "SER"]
[Source "lmi"]
[SourceDate "2013.07.22"]

1. d4 Nf6 2. c4 e6 3. Nc3 Bb4 4. Nf3 O-O 5. Bg5 c5 6. Rc1 cxd4 7. Nxd4 h6 8.
Bh4 d5 9. cxd5 g5 10. Bg3 Qxd5 11. a3 Bxc3+ 12. Rxc3 e5 13. Qc2 exd4 14. Rxc8
Qa5+ 15. Kd1 Nc6 16. Rxa8 Rxa8 17. e4 dxe3 18. fxe3 Ng4 19. Qe4 Rd8+ 20. Kc1
Qd2+ 21. Kb1 Nxe3 22. Bc4 Nxc4 23. Qxc4 Qxg2 24. Re1 Qd5 25. Qg4 Qd3+ 26. Ka2
Nd4 27. Rd1 Qc4+ 28. Kb1 Rd5 29. h4 Qc2+ 30. Ka2 Ne2 0-1

[Event "Europa ch Femenino 2013"]
[Site "Belgrado SER"]
[Date "2013.08.01"]
[Round "9.1"]
[White "Dzagnidze, Nana"]
[Black "Goryachkina, Aleksandra"]
[Result "1/2-1/2"]
[WhiteElo "2558"]
[BlackElo "2401"]
[PlyCount "87"]
[EventDate "2013.07.23"]
[EventType "swiss"]
[EventRounds "11"]
[EventCountry "SER"]
[Source "lmi"]
[SourceDate "2013.07.22"]

1. d4 d5 2. c4 c6 3. Nc3 Nf6 4. Nf3 dxc4 5. a4 Bf5 6. Ne5 Nbd7 7. Nxc4 Nb6 8.
Ne5 a5 9. g3 e6 10. Bg2 Bb4 11. O-O O-O 12. e3 h6 13. Qe2 Bh7 14. Rd1 Nfd7 15.
Nd3 Qe7 16. e4 e5 17. dxe5 Nc5 18. Be3 Nxd3 19. Qxd3 Rfd8 20. Qe2 Bc5 21. f4
Bxe3+ 22. Qxe3 Nc4 23. Qf2 Qb4 24. Rxd8+ Rxd8 25. Rd1 Rxd1+ 26. Nxd1 Nd2 27.
Nc3 Qxb2 28. Qd4 Bxe4 29. Qd8+ Kh7 30. Bxe4+ Nxe4 31. Nxe4 Qb1+ 32. Kf2 Qxe4
33. Qxa5 Qc2+ 34. Kf3 c5 35. Qc7 c4 36. Qxf7 Qd3+ 37. Kf2 c3 38. f5 Qd4+ 39.
Kf3 Qxe5 40. Qe6 Qxe6 41. fxe6 c2 42. e7 c1=Q 43. e8=Q Qf1+ 44. Ke4 1/2-1/2

[Event "Europa ch Femenino 2013"]
[Site "Belgrado SER"]
[Date "2013.08.01"]
[Round "9.3"]
[White "Gaponenko, Inna"]
[Black "Khotenashvili, Bela"]
[Result "0-1"]
[WhiteElo "2393"]
[BlackElo "2512"]
[PlyCount "77"]
[EventDate "2013.07.23"]
[EventType "swiss"]
[EventRounds "11"]
[EventCountry "SER"]
[Source "lmi"]
[SourceDate "2013.07.22"]

1. e4 e5 2. Nf3 Nc6 3. Bb5 a6 4. Ba4 Nf6 5. O-O Be7 6. Re1 b5 7. Bb3 d6 8. c3
O-O 9. d4 Bg4 10. Be3 exd4 11. cxd4 d5 12. e5 Ne4 13. h3 Bh5 14. Nbd2 Na5 15.
Bc2 Nxd2 16. Bxd2 Nc4 17. Bc1 Bb4 18. Rf1 Re8 19. Bf5 Bg6 20. Bxg6 hxg6 21. b3
Nb6 22. Be3 Nd7 23. Rc1 Nf8 24. Rc6 Ne6 25. Qc2 Qd7 26. Ng5 Nxg5 27. Bxg5 Ba5
28. Rc1 Bb6 29. Be3 b4 30. a4 bxa3 31. Ra1 Qe7 32. Qc1 Qh4 33. Qc3 g5 34. Rxa3
g4 35. hxg4 Qxg4 36. Ra1 a5 37. Qd3 Re6 38. Rxe6 fxe6 39. b4 0-1

[Event "Europa ch Femenino 2013"]
[Site "Belgrado SER"]
[Date "2013.08.01"]
[Round "9.4"]
[White "Muzychuk, Mariya"]
[Black "Schleining, Zoya"]
[Result "1/2-1/2"]
[WhiteElo "2484"]
[BlackElo "2368"]
[PlyCount "234"]
[EventDate "2013.07.23"]
[EventType "swiss"]
[EventRounds "11"]
[EventCountry "SER"]
[Source "lmi"]
[SourceDate "2013.07.22"]

1. e4 c5 2. Nf3 e6 3. d4 cxd4 4. Nxd4 Nc6 5. Nc3 Qc7 6. Be3 Nf6 7. f4 d6 8. Qf3
Bd7 9. O-O-O Be7 10. Nb3 h5 11. h3 h4 12. Be2 Rc8 13. Qf2 Na5 14. Bd3 Nc4 15.
Bxc4 Qxc4 16. e5 dxe5 17. fxe5 Ne4 18. Nxe4 Qxe4 19. Rhf1 Rxc2+ 20. Qxc2 Qxe3+
21. Qd2 Bg5 22. Qxe3 Bxe3+ 23. Kb1 Bc6 24. Rfe1 Bb6 25. Re2 Rh5 26. Nd4 Bd5 27.
Nf3 Bc7 28. Rd4 g6 29. Nxh4 Bxe5 30. Ra4 Bc7 31. Nf3 a6 32. Nd2 Bc6 33. Rg4 Ke7
34. Nc4 Rf5 35. b3 Rf1+ 36. Kc2 Ra1 37. Kb2 Rg1 38. a4 Bd5 39. Nd2 Bd6 40. Nb1
Bc6 41. Nc3 Rf1 42. b4 Rf5 43. Kb3 g5 44. Rd4 Be5 45. Rd3 Bg7 46. g4 Rf1 47. b5
axb5 48. axb5 Bf3 49. Ree3 Bg2 50. Rd2 Bf3 51. Red3 Be5 52. Rd8 Bxc3 53. R2d7+
Kf6 54. Kxc3 Bd5 55. Rh8 Ke5 56. Rh5 f6 57. Rf7 Rb1 58. h4 Rb3+ 59. Kc2 Rxb5
60. hxg5 fxg5 61. Rxg5+ Kd4 62. Rd7 Ra5 63. Rh5 Ra2+ 64. Kb1 Rg2 65. g5 b5 66.
Rg7 Be4+ 67. Kc1 b4 68. Rh3 Bf5 69. Rh4+ Kc3 70. Rc7+ Kb3 71. Rcc4 Rxg5 72. Kd2
Rg2+ 73. Ke3 Rg3+ 74. Kf2 Rc3 75. Rxb4+ Kc2 76. Rh8 Rc7 77. Rd8 Kc3 78. Rb6 Kc4
79. Rbd6 Kc5 80. Rd1 Kc6 81. Ke3 Rh7 82. Rc1+ Kb7 83. Rd2 Rh3+ 84. Kf4 Rb3 85.
Ke5 Rb5+ 86. Kf6 Kb6 87. Ke7 Rc5 88. Ra1 Rc3 89. Ra8 Rc1 90. Rb2+ Kc7 91. Rbb8
Rc6 92. Rb3 Rc5 93. Ra6 Rc4 94. Rd6 Rc2 95. Rd7+ Kc6 96. Rb8 Rc5 97. Rd6+ Kc7
98. Rg8 Rd5 99. Ra6 Rd7+ 100. Kf6 Kb7 101. Rga8 Kc7 102. Ra4 Rd5 103. Rc4+ Kb7
104. Ra2 Rb5 105. Ke7 Kb6 106. Ra8 Kb7 107. Rac8 Rd5 108. R8c6 Rb5 109. Rd6 Rb6
110. Rd7+ Ka6 111. Rd2 Kb5 112. Rc1 Ka6 113. Kd7 Kb7 114. Rc5 Rb4 115. Rc7+ Kb6
116. Kc8 e5+ 117. Kd8 Rd4+ 1/2-1/2

[Event "Europa ch Femenino 2013"]
[Site "Belgrado SER"]
[Date "2013.08.01"]
[Round "9.5"]
[White "Zawadzka, Jolanta"]
[Black "Mkrtchian, Lilit"]
[Result "0-1"]
[WhiteElo "2393"]
[BlackElo "2454"]
[PlyCount "106"]
[EventDate "2013.07.23"]
[EventType "swiss"]
[EventRounds "11"]
[EventCountry "SER"]
[Source "lmi"]
[SourceDate "2013.07.22"]

1. e4 c6 2. Nc3 d5 3. Nf3 Nf6 4. e5 Ne4 5. Ne2 Qb6 6. d4 e6 7. a4 c5 8. a5 Qc7
9. Nd2 Nxd2 10. Qxd2 cxd4 11. f4 Nc6 12. Nxd4 Bb4 13. c3 Bxa5 14. Nb5 Qd8 15.
Nd6+ Kf8 16. b4 Bc7 17. Ba3 Kg8 18. Bd3 Ne7 19. b5 Bb6 20. h4 h5 21. Rh3 g6 22.
Kf1 Rb8 23. c4 dxc4 24. Bxc4 Nf5 25. Rd1 Nxd6 26. Bxd6 Ra8 27. f5 exf5 28. Rg3
Kg7 29. e6 Bxe6 30. Bxe6 fxe6 31. Be5+ Kf7 32. Qd7+ Qxd7 33. Rxd7+ Ke8 34. Rgd3
Rf8 35. Rxb7 Rf7 36. Rxf7 Kxf7 37. Rd7+ Kf8 38. Rg7 Rd8 39. Rxg6 Rd5 40. Bf4
Kf7 41. Rh6 Rxb5 42. Rxh5 e5 43. Bd2 e4 44. Bf4 e3 45. g4 Rb1+ 46. Ke2 fxg4 47.
Bxe3 Rb2+ 48. Bd2 g3 49. Rg5 Bc7 50. Rc5 Bd6 51. Rd5 Ke6 52. Rd3 Bf4 53. Kf3
Rxd2 0-1

[Event "Europa ch Femenino 2013"]
[Site "Belgrado SER"]
[Date "2013.08.01"]
[Round "9.6"]
[White "Kovanova, Baira"]
[Black "Khurtsidze, Nino"]
[Result "1-0"]
[WhiteElo "2371"]
[BlackElo "2443"]
[PlyCount "109"]
[EventDate "2013.07.23"]
[EventType "swiss"]
[EventRounds "11"]
[EventCountry "SER"]
[Source "lmi"]
[SourceDate "2013.07.22"]

1. e4 c5 2. Nf3 e6 3. d4 cxd4 4. Nxd4 Nf6 5. Bd3 Nc6 6. Nxc6 bxc6 7. O-O d5 8.
e5 Nd7 9. Re1 g6 10. Nd2 Bg7 11. Nf3 O-O 12. Bg5 Qc7 13. Be7 Nxe5 14. Bxf8 Kxf8
15. c3 Rb8 16. Rb1 Nxd3 17. Qxd3 e5 18. Qe3 Bf5 19. Rbd1 Rxb2 20. Qc5+ Kg8 21.
Rxd5 Rb5 22. Qd6 Qxd6 23. Rxd6 Rc5 24. Rd8+ Bf8 25. Nxe5 Rxc3 26. g4 Be6 27.
Nd7 Bxd7 28. Rxd7 Bc5 29. Re2 h6 30. Kg2 Rc4 31. h3 Bb6 32. Rd3 Kf8 33. Rf3 Ra4
34. a3 Bc5 35. Rc2 Ra5 36. a4 Kg7 37. Rd2 Be7 38. Rd7 Bf6 39. Rb3 Rxa4 40. Rbb7
g5 41. Rxf7+ Kg6 42. Rxa7 Rc4 43. Rfc7 h5 44. gxh5+ Kxh5 45. Ra6 g4 46. Rcxc6
gxh3+ 47. Kxh3 Rh4+ 48. Kg3 Rg4+ 49. Kf3 Bg5 50. Rh6+ Bxh6 51. Rxh6+ Kxh6 52.
Kxg4 Kg6 53. Kf4 Kf6 54. f3 Ke6 55. Ke4 1-0

[Event "Europa ch Femenino 2013"]
[Site "Belgrado SER"]
[Date "2013.08.01"]
[Round "9.7"]
[White "Kashlinskaya, Alina"]
[Black "Girya, Olga"]
[Result "0-1"]
[WhiteElo "2334"]
[BlackElo "2437"]
[PlyCount "96"]
[EventDate "2013.07.23"]
[EventType "swiss"]
[EventRounds "11"]
[EventCountry "SER"]
[Source "lmi"]
[SourceDate "2013.07.22"]

1. d4 Nf6 2. c4 e6 3. Nc3 Bb4 4. e3 d5 5. a3 Be7 6. Bd3 O-O 7. Nf3 b6 8. O-O c5
9. cxd5 exd5 10. Ne5 Bb7 11. Bf5 Nc6 12. Qa4 Qd6 13. Nxc6 Bxc6 14. Qc2 g6 15.
Bh3 Ne4 16. dxc5 Qxc5 17. Bd2 Rad8 18. b4 Qc4 19. Bg4 d4 20. exd4 Rxd4 21. Be2
Rxd2 22. Qxd2 Nxd2 23. Bxc4 Nxc4 24. b5 Bb7 25. a4 Bf6 26. Rac1 Nd2 27. Rfd1
Nb3 28. Rb1 Nc5 29. Nd5 Bxd5 30. Rxd5 Nxa4 31. Rd7 Nc3 32. Rb3 Rc8 33. g3 Rc5
34. Rxa7 Rxb5 35. Rxb5 Nxb5 36. Rb7 Bd4 37. Kg2 Nd6 38. Rb8+ Kg7 39. f4 Kf6 40.
g4 Ke6 41. Kf3 Kd5 42. h4 b5 43. f5 gxf5 44. gxf5 Kc4 45. Kf4 b4 46. Rd8 b3 47.
Rxd6 b2 48. Rc6+ Bc5 0-1

[Event "Europa ch Femenino 2013"]
[Site "Belgrado SER"]
[Date "2013.08.01"]
[Round "9.8"]
[White "Schut, Lisa"]
[Black "Atalik, Ekaterina"]
[Result "1-0"]
[WhiteElo "2277"]
[BlackElo "2430"]
[PlyCount "123"]
[EventDate "2013.07.23"]
[EventType "swiss"]
[EventRounds "11"]
[EventCountry "SER"]
[Source "lmi"]
[SourceDate "2013.07.22"]

1. e4 e6 2. d4 d5 3. Nc3 Bb4 4. exd5 exd5 5. Bd3 c6 6. Nge2 Ne7 7. Ng3 O-O 8.
O-O Nd7 9. Bg5 f6 10. Bd2 Bd6 11. Nce2 Rf7 12. Re1 Nf8 13. Nf4 Neg6 14. Nxg6
hxg6 15. c4 Bxg3 16. hxg3 Bf5 17. Bf1 Qd7 18. cxd5 cxd5 19. Rc1 g5 20. Bb4 Ne6
21. g4 Bg6 22. g3 Nd8 23. Bg2 Nc6 24. Ba3 Be4 25. Bxe4 dxe4 26. d5 Ne5 27. Rxe4
Rc8 28. Rxc8+ Qxc8 29. Bd6 Nc4 30. Be7 Ne5 31. d6 Qd7 32. Qc2 Nc6 33. Qc4 f5
34. Qe6 Qxe6 35. Rxe6 Nb8 36. Bxg5 Nd7 37. Re8+ Kh7 38. Re7 Kg8 39. Re8+ Kh7
40. gxf5 Rxf5 41. Re7 Rxg5 42. Rxd7 Rb5 43. b3 a5 44. Kg2 Rd5 45. Kf3 b5 46.
Ke4 Rd2 47. Ke5 Rxa2 48. Rb7 a4 49. Rxb5 a3 50. Ra5 Re2+ 51. Kd5 a2 52. f4 Kg6
53. d7 Rd2+ 54. Ke6 Re2+ 55. Kd6 Rd2+ 56. Ke7 Re2+ 57. Kd8 Kf6 58. g4 Kf7 59.
b4 Rb2 60. b5 g6 61. b6 Ke6 62. Ke8 1-0

[Event "Europa ch Femenino 2013"]
[Site "Belgrado SER"]
[Date "2013.08.01"]
[Round "9.10"]
[White "Kosintseva, Tatiana"]
[Black "Daulyte, Deimante"]
[Result "1-0"]
[WhiteElo "2528"]
[BlackElo "2363"]
[PlyCount "75"]
[EventDate "2013.07.23"]
[EventType "swiss"]
[EventRounds "11"]
[EventCountry "SER"]
[Source "lmi"]
[SourceDate "2013.07.22"]

1. e4 c5 2. Nf3 d6 3. d4 cxd4 4. Nxd4 Nf6 5. Nc3 Nc6 6. Bg5 g6 7. Bxf6 exf6 8.
Bb5 Bd7 9. Nde2 Be6 10. f4 a6 11. Ba4 Bg7 12. O-O f5 13. exf5 Bxf5 14. Ng3 Be6
15. f5 gxf5 16. Nxf5 Be5 17. Nd5 Qa5 18. c4 Qc5+ 19. Kh1 O-O-O 20. b4 Qa7 21.
Rb1 Bxf5 22. Rxf5 f6 23. b5 axb5 24. cxb5 Nd4 25. b6 Qa6 26. Qc1+ Kb8 27. Qc7+
Ka8 28. Qxd8+ Rxd8 29. Nc7+ Kb8 30. Nxa6+ bxa6 31. Rh5 Rh8 32. Bd1 h6 33. a4
Ne6 34. Bf3 Nc5 35. Rh4 Rh7 36. Rg4 Rh8 37. Rg7 h5 38. Ra7 1-0

[Event "Europa ch Femenino 2013"]
[Site "Belgrado SER"]
[Date "2013.08.01"]
[Round "9.11"]
[White "Gvetadze, Sofio"]
[Black "Javakhishvili, Lela"]
[Result "0-1"]
[WhiteElo "2341"]
[BlackElo "2465"]
[PlyCount "78"]
[EventDate "2013.07.23"]
[EventType "swiss"]
[EventRounds "11"]
[EventCountry "SER"]
[Source "lmi"]
[SourceDate "2013.07.22"]

1. e4 c5 2. Nf3 e6 3. g3 a6 4. a4 d5 5. exd5 exd5 6. d4 Nc6 7. Bg2 Bg4 8. dxc5
Bxc5 9. O-O Qd7 10. Re1+ Nge7 11. Nc3 O-O 12. Bf4 Rad8 13. Ne2 d4 14. Nc1 Bb4
15. Bd2 Bd6 16. Nd3 Ng6 17. Qc1 h6 18. h4 Rfe8 19. Nh2 Bf5 20. f4 Nge7 21. Qd1
Bxd3 22. cxd3 Bb4 23. Bxb4 Nxb4 24. Qb3 Ned5 25. Re4 Qd6 26. Nf1 a5 27. Rae1
Rxe4 28. Rxe4 Rc8 29. Kh1 Nf6 30. Re5 b6 31. Nd2 Rc1+ 32. Nf1 Qd7 33. Kg1 Qc7
34. Re2 Kf8 35. Bf3 Nd7 36. Rd2 Nc5 37. Qa3 Qe7 38. Kg2 Qe1 39. Be2 Ra1 0-1

[Event "Europa ch Femenino 2013"]
[Site "Belgrado SER"]
[Date "2013.08.01"]
[Round "9.12"]
[White "Cosma, Elena-Luminita"]
[Black "Bodnaruk, Anastasia"]
[Result "1-0"]
[WhiteElo "2329"]
[BlackElo "2440"]
[PlyCount "87"]
[EventDate "2013.07.23"]
[EventType "swiss"]
[EventRounds "11"]
[EventCountry "SER"]
[Source "lmi"]
[SourceDate "2013.07.22"]

1. Nf3 Nf6 2. g3 g6 3. Bg2 Bg7 4. O-O O-O 5. d4 d6 6. b3 c5 7. c4 Nc6 8. Bb2
Ne4 9. Nbd2 f5 10. e3 e6 11. Rb1 Qe7 12. dxc5 Bxb2 13. Rxb2 Nxc5 14. Rb1 e5 15.
b4 Ne6 16. b5 Na5 17. Qa4 Qc7 18. Rfc1 Nc5 19. Qa3 e4 20. Nd4 b6 21. N2b3 Nd3
22. Nxa5 Nxc1 23. Rxc1 bxa5 24. c5 dxc5 25. Rxc5 Qd6 26. Bf1 Kg7 27. Qc3 Kh6
28. Rc7 Bd7 29. Qxa5 Rfc8 30. Rxa7 Rxa7 31. Qxa7 Rc1 32. Kg2 f4 33. gxf4 Bg4
34. Be2 Bd7 35. a4 Rb1 36. a5 Rb2 37. Qa8 Qe7 38. Qd5 Bf5 39. Qxf5 Qb4 40. Qg5+
Kg7 41. Qe5+ Kf7 42. a6 Qe1 43. Qe6+ Kf8 44. a7 1-0

[Event "Europa ch Femenino 2013"]
[Site "Belgrado SER"]
[Date "2013.08.01"]
[Round "9.7"]
[White "Mammadova, Gulnar"]
[Black "Peptan, Corina-Isabela"]
[Result "1/2-1/2"]
[WhiteElo "2322"]
[BlackElo "2439"]
[PlyCount "164"]
[EventDate "2013.07.23"]
[EventType "swiss"]
[EventRounds "11"]
[EventCountry "SER"]
[Source "lmi"]
[SourceDate "2013.07.22"]

1. e4 c5 2. Nf3 e6 3. b3 a6 4. Bb2 Nc6 5. c4 Qc7 6. Nc3 Nf6 7. g3 Be7 8. Bg2
O-O 9. O-O d6 10. d4 cxd4 11. Nxd4 Bd7 12. Rc1 Nxd4 13. Qxd4 Rac8 14. Rfd1 Rfd8
15. h3 Qb8 16. a4 b6 17. Rc2 b5 18. cxb5 axb5 19. Rcd2 bxa4 20. bxa4 e5 21. Qd3
Qb4 22. Ra1 Rc5 23. Nd1 Be6 24. Ne3 Ra8 25. Ba3 Qxa4 26. Nc2 Rc6 27. Bb2 Ba2
28. Ne3 Qa6 29. Bf1 Qxd3 30. Bxd3 Rcc8 31. Nf5 Bf8 32. Bxe5 dxe5 33. Rdxa2 Rxa2
34. Rxa2 Rd8 35. Bc2 g6 36. Ne3 Bc5 37. Nc4 Bd4 38. Kg2 h5 39. Ra5 Rc8 40. Bb3
Rb8 41. Bc2 Kg7 42. f4 Rb4 43. Bd3 Nxe4 44. fxe5 Nc5 45. Be2 Rb1 46. Bf1 Rc1
47. Ra2 Ne4 48. Re2 Nxg3 49. Kxg3 Rxf1 50. e6 fxe6 51. Rxe6 Rg1+ 52. Kf4 Bf6
53. Nd6 Bh4 54. Nc4 Rf1+ 55. Ke4 Bf6 56. Rb6 g5 57. Ne3 Rf4+ 58. Kd3 Kg6 59.
Ke2 Rd4 60. Rc6 Rd7 61. Kf3 Kf7 62. Rc5 Kg6 63. Rc6 Rd4 64. Rc4 Rd3 65. Rc6 Rd4
66. Rc4 Rd6 67. Rc2 Bd4 68. Ke4 Bf6 69. Kf3 Be5 70. Ke4 Bf4 71. Nd5 Re6+ 72.
Kf3 Bb8 73. Rc8 Be5 74. Rc6 Bd6 75. Ne3 Rf6+ 76. Ke4 g4 77. hxg4 h4 78. Nf5 h3
79. Kf3 Be5 80. Rxf6+ Kxf6 81. Kf2 Kg5 82. Kg1 Kxg4 1/2-1/2

[Event "Europa ch Femenino 2013"]
[Site "Belgrado SER"]
[Date "2013.08.01"]
[Round "9.8"]
[White "Matnadze, Ana"]
[Black "Kochetkova, Julia"]
[Result "1/2-1/2"]
[WhiteElo "2412"]
[BlackElo "2328"]
[PlyCount "83"]
[EventDate "2013.07.23"]
[EventType "swiss"]
[EventRounds "11"]
[EventCountry "SER"]
[Source "lmi"]
[SourceDate "2013.07.22"]

1. d4 d5 2. Nf3 Nf6 3. g3 c6 4. Bg2 Bf5 5. O-O e6 6. b3 h6 7. Bb2 Be7 8. Ne5
O-O 9. c4 Nbd7 10. Nc3 Qb6 11. Nxd7 Nxd7 12. e4 dxe4 13. Nxe4 Nf6 14. Qe2 Rad8
15. Rad1 Nxe4 16. Bxe4 Bxe4 17. Qxe4 Bf6 18. Rd3 Rd7 19. Rfd1 Rfd8 20. Bc3 Qa6
21. a4 Qb6 22. Bb2 Qb4 23. Bc1 Qe7 24. Be3 Bg5 25. f4 Bf6 26. f5 exf5 27. Qxf5
g6 28. Qf3 Bg7 29. d5 Qb4 30. Qf2 b6 31. Bf4 cxd5 32. cxd5 Qe4 33. Qg2 Qf5 34.
h4 Qg4 35. Qd2 Re8 36. Re1 Red8 37. Kg2 Bf8 38. Bxh6 Bxh6 39. Qxh6 Qf5 40. Rde3
Qxd5+ 41. Kh3 Qa8 42. Qf4 1/2-1/2

[Event "Europa ch Femenino 2013"]
[Site "Belgrado SER"]
[Date "2013.08.01"]
[Round "9.9"]
[White "Milliet, Sophie"]
[Black "Charochkina, Daria"]
[Result "1-0"]
[WhiteElo "2396"]
[BlackElo "2326"]
[PlyCount "103"]
[EventDate "2013.07.23"]
[EventType "swiss"]
[EventRounds "11"]
[EventCountry "SER"]
[Source "lmi"]
[SourceDate "2013.07.22"]

1. e4 c5 2. Nf3 g6 3. d4 cxd4 4. Nxd4 Bg7 5. c4 Nc6 6. Be3 Qb6 7. Nb5 Qa5+ 8.
N1c3 Nf6 9. f3 a6 10. Nd4 Nh5 11. Qd2 O-O 12. Nb3 Bxc3 13. bxc3 Qc7 14. c5 a5
15. Nd4 Nd8 16. Nb5 Qc6 17. a4 Ne6 18. Qf2 f5 19. Bd3 Nhf4 20. Bxf4 Nxf4 21.
Bc4+ e6 22. e5 b6 23. Qd2 g5 24. Qd6 Qxc5 25. Qxc5 bxc5 26. Kf2 Bb7 27. Rad1
Bc6 28. Rd6 Kg7 29. g3 Ng6 30. Re1 Ne7 31. Red1 Rf7 32. f4 g4 33. Rxd7 Bxd7 34.
Rxd7 Nc8 35. Rxf7+ Kxf7 36. Nc7 Ra7 37. Bxe6+ Ke7 38. Bxc8 Rxc7 39. Bxf5 h5 40.
Bg6 Ke6 41. Ke3 Kd5 42. Bxh5 Rg7 43. Kd3 c4+ 44. Ke3 Rb7 45. Bxg4 Rb3 46. Bf3+
Kc5 47. f5 Rxc3+ 48. Kf4 Rd3 49. Be4 Rd4 50. f6 c3 51. f7 Rd8 52. Kf5 1-0

[Event "Europa ch Femenino 2013"]
[Site "Belgrado SER"]
[Date "2013.08.01"]
[Round "9.10"]
[White "Melamed, Tatjana"]
[Black "Ziaziulkina, Nastassia"]
[Result "0-1"]
[WhiteElo "2384"]
[BlackElo "2321"]
[PlyCount "98"]
[EventDate "2013.07.23"]
[EventType "swiss"]
[EventRounds "11"]
[EventCountry "SER"]
[Source "lmi"]
[SourceDate "2013.07.22"]

1. e4 c5 2. d3 Nc6 3. f4 g6 4. Nf3 Bg7 5. Be2 d6 6. O-O Nf6 7. Qe1 O-O 8. Qh4
e6 9. c3 Nd7 10. Qg3 d5 11. Na3 a6 12. Nc2 b5 13. f5 dxe4 14. dxe4 exf5 15.
exf5 Nf6 16. fxg6 fxg6 17. Ng5 Qb6 18. Be3 h6 19. Nh3 Bf5 20. Rxf5 gxf5 21.
Bxh6 Ra7 22. Ne3 c4 23. Kh1 Qc5 24. Rf1 Ne4 25. Qh4 Bxh6 26. Qxh6 Qd6 27. Qxd6
Nxd6 28. Bf3 Ne7 29. Nf4 Rf6 30. Nc2 Ne4 31. Re1 Ng5 32. Bh5 Nc6 33. Re8+ Rf8
34. Re3 Ne4 35. Ne6 Rf6 36. Ned4 Nxd4 37. Nxd4 Re7 38. Kg1 f4 39. Re2 Kf8 40.
Bg4 Nc5 41. b3 Rxe2 42. Bxe2 cxb3 43. axb3 Rd6 44. Bf3 Rxd4 45. cxd4 Nxb3 46.
d5 a5 47. d6 a4 48. Bd5 Nd2 49. h4 a3 0-1

[Event "Europa ch Femenino 2013"]
[Site "Belgrado SER"]
[Date "2013.08.01"]
[Round "9.11"]
[White "Galojan, Lilit"]
[Black "Majdan-Gajewska, Joanna"]
[Result "0-1"]
[WhiteElo "2320"]
[BlackElo "2375"]
[PlyCount "88"]
[EventDate "2013.07.23"]
[EventType "swiss"]
[EventRounds "11"]
[EventCountry "SER"]
[Source "lmi"]
[SourceDate "2013.07.22"]

1. Nf3 d6 2. d4 Nf6 3. Nc3 Bf5 4. Bg5 Nbd7 5. Nh4 Bg6 6. Nxg6 hxg6 7. e4 e5 8.
Bc4 c6 9. Bb3 Qa5 10. O-O exd4 11. Bxf6 Nxf6 12. Qxd4 Qe5 13. Qxe5+ dxe5 14. a3
Bc5 15. Na4 Be7 16. h3 g5 17. f3 Nh5 18. Kh2 Nf4 19. Rad1 b5 20. Nc3 Bc5 21.
Rd2 Be3 22. Rdd1 Ke7 23. a4 b4 24. Na2 Rh6 25. Rfe1 Bf2 26. Rf1 Bc5 27. Kg3
Rah8 28. Rh1 Ne2+ 29. Kh2 Bf2 30. g3 Nxg3 31. Kg2 Nxh1 32. Rxh1 Bc5 33. Nc1 a5
34. Nd3 Bd4 35. Bc4 g6 36. c3 bxc3 37. bxc3 Bxc3 38. Rb1 Rxh3 39. Rb7+ Kd6 40.
Rxf7 Rh2+ 41. Kg3 Bd2 42. Rf6+ Kc7 43. Rxg6 R8h4 44. Rg7+ Kb6 0-1